01705cam a22003135a 45000010009000000050017000090080041000260200030000670400033000970820020001301000046001502450082001962600063002783000035003414900078003765000025004545040028004795200482005076500055009896500041010446510010010856530035010956500038011307000024011687000017011929420008012099990017012179520157012341806494820201128021427.0140312t2014 flua frb 001 0 eng d a9781466515857 (paperback) aDLCbengcDLCdDLCdEG-ScBUE04a005.55222bFIN1 aFinch, W. Holmesq(William Holmes)93892210aMultilevel modeling using R /cW. Holmes Finch, Jocelyn E. Bolin, Ken Kelley. aBoca Raton :bCRC Press / Taylor & Francis Group,cc.2014. axiii, 216 p. :bill. ;c24 cm.0 aChapman & Hall/CRC statistics in the social and behavioral sciences ;v16 aIndex : p. 209-216.  aBibliography : p. 207.  a"This book presents the theory and practice of major multilevel modeling techniques in a variety of contexts using R as the software tool. It describes the applications and extensions of multilevel modeling with special emphasis on the use of R to conduct the analyses and interpret the resulting output. The book is designed for researchers, data analysts, and upper-level undergraduate and graduate students taking a course on multilevel modeling or statistical modeling. "-- 7aSocial sciencesxStatistical methods.2BUEsh93257 0aR (Computer program language)2BUEsh 2BUEsh bBUSADMcJuly2015cDecember2015 09726aMultivariate analysis2BUEsh1 aBolin, Jocelyn E. 1 aKelley, Ken  2ddc c20315d20287 00102ddc40708BaccahaMAINbMAINcLOWd2015-07-08ePurchaseg338.00h21782l2m20o005.55 FINp000039375r2025-07-15 00:00:00s2020-03-11v422.00yBB